101 things to do with a dull church / (Record no. 4752)
[ view plain ]
| 000 -LEADER | |
|---|---|
| fixed length control field | 01124nam a22003138a 4500 |
| 001 - CONTROL NUMBER | |
| control field | 29793821 |
| 003 - CONTROL NUMBER IDENTIFIER | |
| control field | OCoLC |
| 005 - DATE AND TIME OF LATEST TRANSACTION | |
| control field | 20190124121232.0 |
| 008 - FIXED-LENGTH DATA ELEMENTS--GENERAL INFORMATION | |
| fixed length control field | 940106s1994 ilu 000 0 eng |
| 010 ## - LIBRARY OF CONGRESS CONTROL NUMBER | |
| LC control number | 94001059 |
| 020 ## - INTERNATIONAL STANDARD BOOK NUMBER | |
| International Standard Book Number | 0830818243 |
| 020 ## - INTERNATIONAL STANDARD BOOK NUMBER | |
| International Standard Book Number | 1854240633 |
| 040 ## - CATALOGING SOURCE | |
| Original cataloging agency | DLC |
| Transcribing agency | DLC |
| Modifying agency | CDC |
| 082 ## - DEWEY DECIMAL CLASSIFICATION NUMBER | |
| Classification number | 828.91 |
| Item number | W957T |
| 092 ## - LOCALLY ASSIGNED DEWEY CALL NUMBER (OCLC) | |
| Classification number | 254 |
| Item number | W957O |
| 245 00 - TITLE STATEMENT | |
| Title | 101 things to do with a dull church / |
| Statement of responsibility, etc. | Martin Wroe ... [et al.] ; illustrations by Simon Jenkins |
| 260 ## - PUBLICATION, DISTRIBUTION, ETC. | |
| Place of publication, distribution, etc. | Downers Grove, Ill. : |
| Name of publisher, distributor, etc. | InterVarsity Press, |
| Date of publication, distribution, etc. | c1994 |
| 300 ## - PHYSICAL DESCRIPTION | |
| Extent | 97 p. ; 15 cm |
| 500 ## - GENERAL NOTE | |
| General note | Combined ed. of: 101 things to do with a dull church. c1989 and The '101' survivor's guide to the church. 1990 |
| 650 #0 - SUBJECT ADDED ENTRY--TOPICAL TERM | |
| Topical term or geographic name entry element | Church renewal |
| General subdivision | Humor |
| 650 #0 - SUBJECT ADDED ENTRY--TOPICAL TERM | |
| Topical term or geographic name entry element | Church management |
| General subdivision | Humor |
| 650 #0 - SUBJECT ADDED ENTRY--TOPICAL TERM | |
| Topical term or geographic name entry element | Church |
| General subdivision | Caricatures and cartoons |
| 700 10 - ADDED ENTRY--PERSONAL NAME | |
| Personal name | Wroe, Martin |
| 700 11 - ADDED ENTRY--PERSONAL NAME | |
| Personal name | Wroe, Martin. |
| Title of a work | 101 things to do with a dull church |
| 700 11 - ADDED ENTRY--PERSONAL NAME | |
| Personal name | Wroe, Martin. |
| Title of a work | '101' survivor's guide to the church |
| 740 01 - ADDED ENTRY--UNCONTROLLED RELATED/ANALYTICAL TITLE | |
| Uncontrolled related/analytical title | One hundred one things to do with a dull church |
| 740 01 - ADDED ENTRY--UNCONTROLLED RELATED/ANALYTICAL TITLE | |
| Uncontrolled related/analytical title | One hundred and one things to do with a dull church |
| 942 ## - ADDED ENTRY ELEMENTS (KOHA) | |
| Source of classification or shelving scheme | Dewey Decimal Classification |
| Koha item type | Books |
| Withdrawn status | Lost status | Source of classification or shelving scheme | Damaged status | Not for loan | Collection code | Home library | Current library | Shelving location | Date acquired | Cost, normal purchase price | Total Checkouts | Full call number | Barcode | Date last seen | Price effective from | Koha item type |
|---|---|---|---|---|---|---|---|---|---|---|---|---|---|---|---|---|
| Dewey Decimal Classification | Non-fiction | Harvest Mission College | Harvest Mission College | General Stacks | 13.12.2018 | 300.00 | 828.91 W957T | 005423 | 13.12.2018 | 13.12.2018 | Books |
